Income tax reform: reportof a survey (Record no. 500564)

000 -LEADER
fixed length control field 00337cam a22001097a 4500
008 - FIXED-LENGTH DATA ELEMENTS--GENERAL INFORMATION
fixed length control field 180718b xxu||||| |||| 00| 0 eng d
082 ## - DEWEY DECIMAL CLASSIFICATION NUMBER
Classification number L2x54 In2K
100 ## - MAIN ENTRY--PERSONAL NAME
Personal name Kaldor, Nicholas
245 ## - TITLE STATEMENT
Title Income tax reform: reportof a survey
Statement of responsibility, etc. by Nicholas Kaldor
260 ## - PUBLICATION, DISTRIBUTION, ETC.
Place of publication, distribution, etc. Delhi
Name of publisher, distributor, etc. Department of Economic Affairs, Ministry of Finance
Date of publication, distribution, etc.
300 ## - PHYSICAL DESCRIPTION
Extent 139p.
Holdings
Withdrawn status Lost status Damaged status Not for loan Permanent Location Current Location Date acquired Full call number Barcode Date last seen Price effective from Koha item type
        Indian Institute of Public Administration Indian Institute of Public Administration 2018-08-04 L2x54 In2K G1598 2018-08-04 2018-08-04 G

Powered by Koha